000
00302nam a22001337a 4500
008
171103b xxu||||| |||| 00| 0 eng d
020
_a
9780132237550
041
_a
eng
080
_a
339.138
100
_a
60
101
_a
MAR
245
_a
THE MARKETING PLAN HANDBOOK
_c
BURK.N.W
942
_2
udc
_c
BK
999
_c
37506
_d
37506